Normal view
MARC view
- Malviya Naveen.
Entry Personal Name
001 - CONTROL NUMBER
- control field: 4158
003 - CONTROL NUMBER IDENTIFIER
- control field: OSt
005 - DATE AND TIME OF LATEST TRANSACTION
- control field: 20190524125610.0
008 - FIXED-LENGTH DATA ELEMENTS
- fixed length control field: 190524|| aca||aabn | a|a d
040 ## - CATALOGING SOURCE
- Original cataloging agency: OSt
- Transcribing agency: OSt
100 ## - HEADING--PERSONAL NAME
- Personal name: Malviya Naveen.
670 ## - SOURCE DATA FOUND
- Source citation: Work cat.: (OSt): Jamaluddin. 4157, General Microbiology, 2019
